000 00277nam a2200121Ia 4500
008 191201s2005 xx 000 0 und d
100 _aAWAD, Elias
245 0 _aElectronic Commerce
260 _aN.Delhi
_bPHI
_c2005
300 _a497
650 _aB.Tech(ECE)
942 _2ddc
_cBK
999 _c1818
_d1818